Наноматериалы: учебное пособие

Библиографические подробности
Главный автор: Рыжонков Д. И. Дмитрий Иванович
Другие авторы: Лёвина В. В. Вера Васильевна, Дзидзигури Э. Л. Элла Леонтьевна
Примечания:Рассмотрены различные методы получения ультрадисперсных (нано-) материалов — механические, физические, химические, биологические. Обобщены современные представления об электрических, магнитных, тепловых, оптических, диффузионных, химических и механических свойствах наноматериалов. Подчеркнута и продемонстрирована зависимость этих свойств от структуры материала и геометрических размеров наночастиц. Значительное внимание уделено вопросам хранения и транспортировки наноматериалов. Для студентов, обучающихся по специальностям «Физико-химия процессов и материалов», «Наноматериалы», «Порошковая металлургия, композиционные материалы, покрытия», преподавателей, аспирантов, слушателей курсов повышения квалификации.
Язык:русский
Опубликовано: Москва, БИНОМ. Лаборатория знаний, 2008
Серии:Нанотехнология
Предметы:
Формат: Книга
Запись в KOHA:https://koha.lib.tpu.ru/cgi-bin/koha/opac-detail.pl?biblionumber=149316

MARC

LEADER 00000nam0a2200000 4500
001 149316
005 20231031145816.0
010 |a 9785947747249 
035 |a (RuTPU)RU\TPU\book\161872 
090 |a 149316 
100 |a 20081215d2008 m y0rusy50 ca 
101 0 |a rus 
102 |a RU 
105 |a a j 001zy 
200 1 |a Наноматериалы  |e учебное пособие  |f Д. И. Рыжонков, В. В. Лёвина, Э. Л. Дзидзигури 
210 |a Москва  |c БИНОМ. Лаборатория знаний  |d 2008 
215 |a 365 с.  |c ил. 
225 1 |a Нанотехнология 
320 |a Литература: с. 363. 
330 |a Рассмотрены различные методы получения ультрадисперсных (нано-) материалов — механические, физические, химические, биологические. Обобщены современные представления об электрических, магнитных, тепловых, оптических, диффузионных, химических и механических свойствах наноматериалов. Подчеркнута и продемонстрирована зависимость этих свойств от структуры материала и геометрических размеров наночастиц. Значительное внимание уделено вопросам хранения и транспортировки наноматериалов. Для студентов, обучающихся по специальностям «Физико-химия процессов и материалов», «Наноматериалы», «Порошковая металлургия, композиционные материалы, покрытия», преподавателей, аспирантов, слушателей курсов повышения квалификации. 
451 1 |0 (RuTPU)RU\TPU\book\204360  |y 978-5-9963-0345-8  |t Наноматериалы  |o учебное пособие  |f Д. И. Рыжонков, В. В. Лёвина, Э. Л. Дзидзигури  |c М.  |n БИНОМ. Лаборатория знаний  |d 2010  |p 365 с.  |s Нанотехнология  |a Рыжонков, Дмитрий Иванович 
610 1 |a наноматериалы 
610 1 |a дисперсные системы 
610 1 |a классификация 
610 1 |a наноразмерные материалы 
610 1 |a получение 
610 1 |a способы 
610 1 |a физико-химия 
610 1 |a свойства 
610 1 |a размерные зависимости 
610 1 |a изучение 
610 1 |a использование 
610 1 |a промышленность 
610 1 |a биология 
610 1 |a медицина 
610 1 |a внешние воздействия 
610 1 |a защита 
610 1 |a транспортировка 
610 1 |a учебные пособия 
675 |a 620.22(075.8)  |v 3 
700 1 |a Рыжонков  |b Д. И.  |g Дмитрий Иванович 
701 1 |a Лёвина  |b В. В.  |g Вера Васильевна 
701 1 |a Дзидзигури  |b Э. Л.  |g Элла Леонтьевна 
801 1 |a RU  |b 63413507  |c 20081215  |g PSBO 
801 2 |a RU  |b 63413507  |c 20220518  |g PSBO 
900 |a Наноматериалы 
900 |a Основы нанохимии и наноматериалы медико-биологического назначения 
900 |a Порошковые технологии изготовления наноматериалов 
942 |c BK